000 00450nam a2200169Ia 4500
005 20241217173623.0
008 231217s9999 xx 000 0 und d
020 _a9780071325226
082 _a001.644 SIL;52
100 _aSilberschatz, Abraham. Korth, Henry F. Sudarshan, S.
245 0 _aDatabase system concepts
250 _a6th ed.
260 _c2006
_bMcGraw Hill
_aNew York
300 _axxvi, 1349
650 _aDatabase
942 _cAA
999 _c194423
_d194423